Libertad
I tiakina i:
| Kaituhi matua: | |
|---|---|
| Hōputu: | Pukapuka |
| Reo: | Pāniora |
| I whakaputaina: |
Buenos Aires
Nueva Visión
2002
|
| Putanga: | 1a. ed |
| Rangatū: | Claves
|
| Ngā marau: | |
| Ngā Tūtohu: |
Tāpirihia he Tūtohu
Kāore He Tūtohu, Me noho koe te mea tuatahi ki te tūtohu i tēnei pūkete!
|
MARC
| LEADER | 00000nam a2200000 a 4500 | ||
|---|---|---|---|
| 001 | UCI9270 | ||
| 003 | CL-VaPUC | ||
| 008 | 081106e20020000AG |||||||||||||||||spa|d | ||
| 020 | |a 9506024367 | ||
| 082 | 0 | 4 | |a 323.44 |b BAR |2 21 |
| 100 | 0 | |a Barberis, Mauro |e author |9 532895 | |
| 245 | 1 | 0 | |a Libertad |
| 250 | |a 1a. ed | ||
| 300 | |a 143 p | ||
| 942 | |c BK | ||
| 945 | |d 20081106 00:00:00 |a rbrito | ||
| 260 | |a Buenos Aires |b Nueva Visión |c 2002 | ||
| 650 | 7 | |a LIBERTAD DE ACCION |2 CL-VaPUC |9 532896 | |
| 583 | |a last modification |c 20081106 00:00:00 |k Rodrigo Vera | ||
| 490 | 0 | |a Claves | |
| 999 | |c 331837 |d 331835 | ||
| 952 | |0 0 |1 0 |4 0 |6 323_440000000000000_BAR_2002 |7 0 |8 A |9 418996 |a BIBCUR |b BIBCUR |d 2019-11-22 |i 4495314 |o 323.44 BAR 2002 |p 4495314 |r 2025-04-22 |w 2019-11-22 |y BK |k MGC | ||